Ethnic groups of Europe an encyclopedia

Podrobná bibliografia
Ďalší autori: Cole, Jeffrey E. (Editor)
Médium: Kniha
Jazyk:angličtina
Fyzický popis:xx, 442 s. fotogr. 26 cm
Vydavateľské údaje: Santa Barbara ABC-CLIO c2011
ISBN:9781598843026 (viaz.)
Edícia:Ethnic groups of the world
Predmet:

MARC

LEADER 00000nam a2200000 a 4500
001 vtls010457587
003 SK-MaSNL
005 20260301085602.0
008 121008s2011 xxuo f e 001 0 eng
015 |a SNBZSA2013-001122 
020 |a 9781598843026 (viaz.) 
040 |a SNK  |b slo  |c SNK  |e AACR2 
041 0 |a eng 
044 |a xxu  |c US 
072 7 |a 316.3  |x Globálne spoločnosti. Sociálna štruktúra. Sociálne skupiny  |2 konspekt 
080 |a 316.347  |2 2001 
080 |a 316.356.4  |2 2001 
080 |a 39  |2 2001 
080 |a (4)  |2 2001 
080 |a (031)  |2 2001 
245 0 0 |a Ethnic groups of Europe  |b an encyclopedia  |c Jeffrey E. Cole, editor 
260 |a Santa Barbara  |b ABC-CLIO  |c c2011 
300 |a xx, 442 s.  |b fotogr.  |c 26 cm 
490 1 |a Ethnic groups of the world 
504 |a Bibliogr. odkazy ; reg. ; zoz. 
650 0 7 |a etnicita  |2 SNKPH  |9 4899 
650 0 7 |a Ethnicity  |2 SNKPHeng  |9 268216 
650 0 7 |a etnické skupiny  |2 SNKPH  |9 1669 
650 0 7 |a Ethnic groups  |2 SNKPHeng  |9 280363 
650 0 7 |a etnológia  |2 SNKPH  |9 715 
650 0 7 |a Ethnology  |2 SNKPHeng  |9 265419 
651 7 |a Európa  |2 SNKPH  |9 167569 
651 7 |a Europe  |2 SNKPHeng  |9 56249 
655 7 |a encyklopédie  |2 SNKPH  |9 28776 
655 7 |a Encyclopedias  |2 SNKPHeng  |9 90422 
700 1 |a Cole, Jeffrey E.  |4 edt  |9 415923 
830 0 |a Ethnic groups of the world  |9 415924 
919 |a 978-1-59884-302-6 
958 |a ZS 
958 |a NB 
958 |a SK 
958 |a CZ 
999 |c 666135  |d 668065 
952 |a SNK  |b SNK  |y PREZ  |7 0  |p 17A1040298  |o snkSB 83626  |i snk2012/19995  |8 3  |g 113.70  |0 0  |1 0  |4 0  |d 2012-10-08  |l 0  |r 2025-05-06 00:00:00  |w 2026-02-23